Kraje Afryki (Bardzo Trudne +) - Statystyki

Ogólne statystyki
  • Ten quiz został rozwiązany 92 razy
    29 od ostatniego zresetowania
  • Średni wynik to 37 z 67
Statystyki odpowiedzi
Stolica Kraj % Poprawnych
Bissau Gwinea Bissau
85%
Rabat Maroko
85%
Algier Algieria
80%
Dżibuti Dżibuti
80%
Kair Egipt
80%
Trypolis Libia
80%
Chartum Sudan
80%
Tunis Tunezja
75%
Addis Abeba Etiopia
70%
Nairobi Kenia
70%
Lusaka Zambia
70%
Libreville Gabon
65%
Akra Ghana
65%
Antananarywa Madagaskar
65%
Dakar Senegal
65%
Victoria Seszele
65%
Dodoma Tanzania
65%
Lomé Togo
65%
Luanda Angola
60%
Ndżamena Czad
60%
Brazzaville Kongo
60%
Windhuk Namibia
60%
Niamey Niger
60%
Abudża Nigeria
60%
Freetown Sierra Leone
60%
Mogadiszu Somalia
60%
Dżuba Sudan Południowy
60%
São Tomé Wyspy Świętego Tomasza i Książeca
60%
Porto-Novo Benin
55%
Gaborone Botswana
55%
Wagadugu Burkina Faso
55%
Gitega Burundi
55%
Asmara Erytrea
55%
Mbabane Eswatini
55%
Lizbona (Madera) Portugalia
55%
Pretoria/ Kapsztad/ Bloemfontein Republika Południowej Afryki
55%
Praia Republika Zielonego Przylądka
55%
Rzym (Wyspy Pelagijskie) Włochy
55%
Jamusukro Wybrzeże Kości Słoniowej
55%
Harare Zimbabwe
55%
Kinszasa Demokratyczna Republika Konga
50%
Bandżul Gambia
50%
Konakry Gwinea
50%
Madryt (Wyspy Kanaryjskie) Hiszpania
50%
Jaunde Kamerun
50%
Moroni Komory
50%
Monrovia Liberia
50%
Lilongwe Malawi
50%
Bamako Mali
50%
Nawakszut Mauretania
50%
Port Louis Mauritius
50%
Kigali Rwanda
50%
Kampala Uganda
50%
Ciudad de la Paz Gwinea Równikowa
45%
Sana (Sokotra) Jemen
45%
Maseru Lesotho
45%
Maputo Mozambik
45%
Bangi Republika Środkowoafrykańska
45%
Zanzibar Zanzibar
45%
Saint-Denis Reunion
35%
Al-Ujun Sahara Zachodnia
35%
Hargejsa Somaliland
25%
Edinburgh of the Seven Seas Tristan da Cunha
20%
Mamoudzou Majotta
15%
Jamestown Wyspa Świętej Heleny
15%
Georgetown Wyspa Wniebowstąpienia
15%
Saint Pierre Francuskie Terytoria Południowe i Antarktyczne
10%
Nie znaleziono quizów pasujących do podanych kryteriów
Rozkład punktacji
Procent ludzi z każdym wynikiem
Percentyl według liczby udzielonych odpowiedzi
Twoja historia wyników
Nie rozwiązałeś tego quizu od ostatniego zresetowania